| 000 | 00983cam a2200241 4500 | ||
|---|---|---|---|
| 001 | J126770 | ||
| 008 | 020226n2003 000 0 eng u | ||
| 035 | _a(Sirsi) u126770 | ||
| 041 | _aeng | ||
| 050 |
_a692.8 _c18 |
||
| 110 |
_aJoint Contracts Tribunal _93664 |
||
| 245 |
_aIntermediate form of building contract for works of simple content 1998 edition. Amendment 5 and guidance note issued July 2003 _bConstruction Skills Certification Scheme |
||
| 260 |
_aLondon _bRIBA _c2003 |
||
| 300 |
_a4p. _c30cm. |
||
| 350 | _a1.20 | ||
| 490 |
_aJCT Intermediate Form of Building Contract for Works of Simple Content (1998 Edition) _vAmendment 5 |
||
| 650 | _aCONSTRUCTION SKILLS CERTIFICATION SCHEME | ||
| 650 | _aBUILT ENVIRONMENT-BUILDING CONTRACT FORMS | ||
| 650 | _aJCT INTERMEDIATE FORM OF BUILDING CONTRACT FOR WORKS OF SIMPLE CONTENT (1998 EDITION) | ||
| 650 | _aJCT INTERMEDIATE FORMS OF CONTRACT | ||
| 690 | _aBUILT ENVIRONMENT-BUILDING CONTRACT FORMS | ||
| 942 | _n0 | ||
| 999 |
_c103643 _d103643 |
||